000 00290nam a22000977a 4500
008 220613b ||||| |||| 00| 0 eng d
100 _aGroet, John
245 _aTopical Stamp Collecting: A universal Hobby for Seniors (ATA Handbook #148)
650 _atopical collecting
700 _aCartier, Ray
999 _c3416
_d3416